One Word 'A' Movies Quiz Stats

 Plays Quiz Updated Sep 20, 2014

Challenge
Share
Tweet
Score 0/25 Timer 07:00
9 Plays Today
% Correct
Avatar
96.7%
Antz
96.5%
Aladdin
94.5%
Ali
90%
Airplane!
83.9%
Armageddon
82.1%
Amadeus
82%
Argo
79.9%
Amélie
79.7%
Alien
71.3%
Anaconda
64.1%
Australia
59.2%
Alexander
47.4%
% Correct
Alive
40.3%
Adventureland
39.8%
Amistad
36.1%
Atonement
35.5%
Apocalypto
34.8%
Awakenings
30.8%
Alfie
29.3%
Adaptation
24.8%
Accepted
23%
Assassins
20.5%
Amour
8.4%
Antichrist
7%

You're not logged in!

Compare scores with friends on all Sporcle quizzes.
OR
Log In

You Might Also Like...

Show Comments

Extras

Top Quizzes Today


Score Distribution

Your Account Isn't Verified!

In order to create a playlist on Sporcle, you need to verify the email address you used during registration. Go to your Sporcle Settings to finish the process.

Report this User

Report this user for behavior that violates our Community Guidelines.

Details: